书目信息 |
| 题名: |
楚辞
|
|
| 作者: | 陈器之 , 李奕 今译 ;尹承东 西译 | |
| 分册: | ||
| 出版信息: | 大连 大连理工大学出版社 2015 |
|
| 页数: | 239页 | |
| 开本: | 24cm | |
| 丛书名: | 大中华文库 | |
| 单 册: | ||
| 中图分类: | H349.4:I222.3 , I222.3 | |
| 科图分类: | ||
| 主题词: | 古典诗歌--gu dian shi ge--诗集--中国--战国时代--西班牙语--汉语--对照读物 , 诗歌--中国 , 韵文--中国 | |
| 电子资源: | ||
| ISBN: | 978-7-5611-9812-4 | |
| 000 | 01159nam 2200337 450 | |
| 001 | 1771910552 | |
| 005 | 20160225081914.1 | |
| 010 | @a978-7-5611-9812-4@b精装@dCNY80.00 | |
| 100 | @a20160224d2015 em y0chiy50 ea | |
| 101 | 0 | @achi@aspa |
| 102 | @aCN@b210000 | |
| 105 | @ay z 000gy | |
| 106 | @ar | |
| 200 | 1 | @a楚辞@Achu ci@d= Versos de Chu@f陈器之, 李奕今译@g尹承东 ... [等] 西译@zspa |
| 210 | @a大连@c大连理工大学出版社@d2015 | |
| 215 | @a239页@d24cm | |
| 225 | 2 | @a大中华文库@Ada zhong hua wen ku@e汉西对照@h第二批 |
| 300 | @a国家出版基金项目 | |
| 330 | @a《楚辞》产生于两千多年前的战国时期, 是中国诗歌乃至中国文化的源头之一。本书收入的作品包括代表作家屈原26篇, 宋玉2篇。 | |
| 410 | 0 | @12001 @a大中华文库 (汉西对照)@h第二批 |
| 510 | 1 | @aVersos de Chu@zspa |
| 606 | 0 | @a古典诗歌@Agu dian shi ge@x诗集@y中国@z战国时代@x西班牙语@x汉语@j对照读物 |
| 606 | 0 | @a诗歌@x中国 |
| 606 | 0 | @a韵文@x中国 |
| 690 | @aH349.4:I222.3@v5 | |
| 690 | @aI222.3@v4 | |
| 701 | 0 | @a陈器之@Achen qi zhi@4今译 |
| 701 | 0 | @a李奕@Ali yi@4今译 |
| 702 | 0 | @a尹承东@Ayin cheng dong@4西译 |
| 801 | 0 | @aCN@b人天书店@c20160224 |
| 905 | @aBZT@dI222.3@e8 | |
| 楚辞= Versos de Chu/陈器之, 李奕今译/尹承东 ... [等] 西译.-大连:大连理工大学出版社,2015 |
| 239页;24cm.-(大中华文库:汉西对照.第二批) |
| 国家出版基金项目 |
| ISBN 978-7-5611-9812-4(精装):CNY80.00 |
| 《楚辞》产生于两千多年前的战国时期, 是中国诗歌乃至中国文化的源头之一。本书收入的作品包括代表作家屈原26篇, 宋玉2篇。 |
| ● |
| 相关链接 |
|
|
|
正题名:楚辞
索取号:I222.3/8
 
预约/预借
| 序号 | 登录号 | 条形码 | 馆藏地/架位号 | 状态 | 备注 |
| 1 | 824079 | 2000824079 | 第一书库/ [索取号:I222.3/8] | 在馆 | |
| 2 | 824080 | 2000824080 | 第一书库/ [索取号:I222.3/8] | 在馆 | |
| 3 | 824081 | 2000824081 | 第一书库/ [索取号:I222.3/8] | 在馆 |